000 00361 a2200157 4500
001 152611
020 _a8526237454
040 _cEscola São Tomás de Aquino
100 _aQUEIRÓS, Eça de
240 1 0 _aO crime do Padre Amaro
_lpor
245 1 0 _aO crime do Padre Amaro
300 _a111
362 0 _a2000
697 _a*LITERATURA JUVENIL
942 _cBK
999 _c152611
_d152611